01944nam a22002417a 450000500170000001000280001702000260004503500130007103500170008403500130010103700170011403700130013108200060014410000180015024500500016826000410021827000720025930000260033152012380035765000270159565000420162265000380166420170614103157.0 aBAC-EN21 ENG-111779 a9788184955644c399.00 aEN-95311 aB-582469-484 aB-664712 bBSB/Venadpl bDBAD/PUB aN aSinger, Randy aDead lawyers tell no tales /cby Randy Singer aMumbaibJaico Publishing Housec2014 aA-2 Jash Chambers,7-A Sir Firozshah Mehta Road,FortbMumbaie400001 axiv,425p. c22cm(pbk) a "Landon Reed is an ex-quarterback convicted of organizing a points-shaving scheme. During his time in prison, he found forgiveness and faith and earned his law degree. Now he longs for an opportunity to prove his loyalty and worth. "Be careful what you ask for." Harry McNaughton is one of the founding partners of McNaughton & Clay--and the only lawyer willing to take a chance employing an ex-con-turned-lawyer. Though Landon initially questions Harry’s ethics and methods, it’s clear the crusty old lawyer has one of the most brilliant legal minds Landon has ever encountered. The two dive into preparing a defense for one of the highest-profile murder trials Virginia Beach has seen in decades when Harry is gunned down in what appears to be a random mugging. Then two more lawyers are killed when the firm’s private jet crashes. Authorities suspect someone has a vendetta against McNaughton & Clay, leaving Landon and the remaining partner as the final targets. As Landon struggles to keep the firm together, he can’t help but wonder, is the plot related to a shady case from McNaughton & Clay’s past, or to the murder trial he’s neck-deep in now? And will he survive long enough to find out?"-- |c P. [2] of cover. a Ex-convictsvFiction. a Lawyers xCrimes against v Fiction. a MurderxInvestigation vFiction.